Multiple Choice #1 - Survival Mode - Statistics

General Stats
  • This quiz has been taken 190 times
  • The average score is 13 of 40
Answers on the Map
Answers color-coded by a green-red scale on the quiz's map according to % correct below.
 
Answer Stats
Question Answer % Correct
What animal decoy was used to invade Troy? Horse
56%
What country first landed men on the moon? United States
55%
What country was known as Ceylon until 1972? Sri Lanka
51%
How was Marie Antoinette executed? Guillotine
50%
Who painted the Mona Lisa? Da Vinci
48%
What planet is closest to the sun? Mercury
48%
What is the capital of Bhutan? Thimphu
48%
What does the Spanish word ""toro"" mean in English? Bull
47%
What is the tallest mountain in the world? Everest
47%
Who created Star Wars? George Lucas
47%
Who led Britain during World War II? Churchill
46%
What was Australia originally founded as? Penal Colony
46%
Whose theorem can calculate the length of a hypotenuse? Pythagoras
45%
What is a more common term for the dermis? Skin
45%
Which of these cities sits on the Danube River? Budapest
44%
Who starred in Top Gun and Cocktail? Tom Cruise
44%
What metal was traditionally in incandescent bulbs? Tungsten
44%
Which of these cities had a blockade, an airlift, and a wall? Berlin
43%
Which of these is NOT a citrus fruit? Mango
43%
What mythological creature had snakes for hair? Medusa
42%
Who is the shady lawyer in Breaking Bad? Saul
42%
Who wrote Macbeth in 1623? Shakespeare
42%
Who spends Christmas with Charlie Brown and fought the Red Baron? Snoopy
42%
Which of these animals hibernate over winter? Bear
41%
What is an official language of Curacao? Dutch
41%
Who was assassinated in 1914? Franz Ferdinand
41%
Who was the couple in the film Titanic? Jack and Rose
41%
Where are Kano, Abuja, and Lagos? Nigeria
41%
What is the largest species of bear? Polar Bear
41%
Who directed Batman Begins? Christopher Nolan
39%
What is mass divided by volume? Density
39%
Who played Aquaman in 2018? Jason Mamoa
39%
In what film did Johnny Depp voice a lizard? Rango
39%
Which of these is a major Greek city? Thessaloniki
39%
What country launched the first satellite into space? USSR
39%
Which of these insects lays eggs in human flesh? Botfly
38%
What flag has a globe on it? Brazil
38%
Which of these cities is on a Great Lake? Chicago
38%
Where is the CN Tower? Toronto
38%
What country does pho (a noodle soup) come from? Vietnam
38%
What character was invented by Ian Fleming? James Bond
37%
Who held the 100-metre dash record in 2010? Usain Bolt
37%
Where would a person most likely perform a pirouette? Ballet
36%
What sport does the Bundesliga play? Football
36%
Which scientist worked with radioactive materials? Marie Curie
36%
Who starred in The Princess Diaries? Anne Hathaway
35%
What boardgame was made into a movie in 2012? Battleship
35%
What part of a person's face can be aquiline? Nose
35%
What song was about Eminem having an obsessive fan? Stan
35%
In which decade was Queen Elizabeth II coronated? 1950s
34%
Who did Henry Morton Stanley find in Tanzania in 1871? Dr Livingstone
34%
Where did American Revolutionaries chuck tea in the ocean? Boston
33%
What animal can be bactrian? Camel
33%
Who invented the practical lightbulb? Edison
33%
How many stars are on the flag of China? Five
33%
What is the lightest element? Hydrogen
33%
What Japanese city is famous for beef? Kobe
33%
Which of these places is in the Korean Demilitarized Zone? Panmunjom
33%
Who has a test that determines if a computer is self aware? Turing
33%
Which of these is a major city in New Zealand? Christchurch
32%
What material is Swarovsky famous for? Crystal
32%
What does the word carmine mean? Deep Red
32%
According to legend, who laid out oxhide to found Carthage? Dido
32%
Who first reached the South Pole? Roald Amundsen
32%
What does penicillin kill? Bacteria
31%
What is the largest rodent? Capybara
31%
What country was united with Poland from 1569-1795? Lithuania
31%
Which of these cities is not Russian? Novi Sad
31%
Who starred as Cool Hand Luke? Paul Newman
31%
What type of food is a pimento? Pepper
31%
What city has a National Football League team named after a goldrush? San Francisco
31%
In what show does Eleven battle a demogorgon? Stranger Things
31%
What is the process of ice turning directly to vapor? Sublimation
31%
What band released the album Pet Sounds in 1966? The Beach Boys
31%
Who had a hit song called Hound Dog? Elvis
30%
What is typically added to wine to make sangria? Fruit
30%
In e pluribus unum, what does pluribus mean? Many
30%
Which of these is a Hindu greeting? Namaste
30%
Who was the drummer for The Beatles? Ringo Starr
30%
Of what Cold War country was Josip Tito the Prime Minister? Yugoslavia
30%
Whose mission is it to catch em all? Ash Ketchum
29%
Where was there a missile crisis in 1962? Cuba
29%
What is the largest Japanese island? Honshu
29%
What is the financial centre of India? Mumbai
29%
What country hosted the first FIFA World Cup? Uruguay
29%
What did Don Quixote imagine to be giants? Windmills
29%
What boardgame was made into a movie in 1985? Clue
28%
What does the French word lune mean in English? Moon
28%
Where is Tangier? Morocco
28%
What word refers to things that are monkey-like? Simian
28%
Where is Uluru? Australia
27%
What musical uses the term jellicle? Cats
27%
Where was the Boxer Rebellion? China
26%
Which of these lines up with a deadly sin? Overeating
26%
What type of animal is a skink? Reptile
26%
What is an unterseeboot? Submarine
26%
In which of these countries is Buddhism the primary religion? Cambodia
25%
What country took over Korea in 1910? Japan
25%
What actor died in a 1955 car crash? James Dean
24%
What document was written in 1215? Magna Carta
24%
What Star Wars character was eaten by a Sarlacc? Boba Fett
23%
What region did Portugal hand over to China in 1999? Macau
23%
What does a madrigal do? Sing
23%
What sport is commonly associated with tendonitis in the elbow? Tennis
23%
What does the H in IHOP stand for? House
22%
What red-head calls Bugs Bunny a varmint? Yosemite Sam
22%
Whose nemesis is Dr Evil? Austin Powers
21%
What city lies across the river from Brazzaville? Kinshasa
21%
What is the skullcap worn by men of the Jewish faith? Yarmulke
21%
Who play Rick in the film Casablanca? Humphrey Bogart
20%
What was the divine food of the Greek gods? Ambrosia
19%
What is a microplane used for? Zesting limes
19%
What drink did American astronauts famously drink in space? Tang
18%
Who beat Gollum at riddles to win the one ring? Bilbo
17%
What word describes a svengali? Manipulative
17%
Which colour does not appear in the rainbow? Purple
17%
In GPS, what does G stand for? Global
16%
What composer is made to be the villain in the film Mozart? Salieri
16%
Where was Nestle founded? Switzerland
16%
What is the common name for a regular tetrahedron? Square
15%
Who won the Battle of the Alamo? Mexico
14%
Whose theme song is ""Here I Come to Save the Day""? Mighty Mouse
14%
Which of these words best describes Sir Lancelot? Valiant
14%
Where is the patella? Knee
13%
What disease is caused by the chicken pox virus? Shingles
13%
What company released the Walkman? Sony
12%
Who had a hit song called APT? Bruno Mars
10%
What movie claims that life finds a way? Jurassic Park
10%
Where was Pierre Auguste Renoir born? Limoges
10%
No matching quizzes found
Score Distribution
Percent of People with Each Score
Percentile by Number Answered
Your Score History
You have not taken this quiz